| LEADER | 00897nam a2200229 a 4500 | ||
|---|---|---|---|
| 001 | GR-MES12455 | ||
| 008 | 070611s gr 000 0 gre d | ||
| 020 | |a 9604059416 | ||
| 040 | |a GrPaTEI |b gre |c GR-PaULI | ||
| 040 | |a GrPaTEI |b gre |c GR-PaULI | ||
| 082 | 0 | |a 687.068 8 |2 21 | |
| 100 | 0 | |a Diamond Ellen | |
| 245 | 1 | 0 | |a Πωλήσεις μόδας / |c Ellen Diamond ; Στέφανος Μήτσης. |
| 260 | |a Αθήνα : |b Ιων, |c 1996 | ||
| 300 | |a 451σ. : |b εικ. ; |c 24εκ. | ||
| 500 | |a τίτλος πρωτοτύπου : fascion retailing | ||
| 650 | 4 | |a ΜΟΔΑ | |
| 700 | 0 | |a Μήτσης Στέφανος | |
| 942 | |2 ddc | ||
| 952 | |0 0 |1 0 |2 ddc |4 0 |6 658_068000000000000_8_DIA |7 0 |9 271142 |a MSLG |b MSLG |c BSC |d 2021-01-17 |e 24 |f 0 |g 0.00 |l 0 |o 658.068 8 DIA |p 2420000021922 |r 2021-01-17 00:00:00 |t 1 |w 2021-01-17 |y BK15 |x 20070611 0 1 |x GrPaTEI | ||
| 971 | |a .b25785023 |b 16-04-20 |c 13-09-16 | ||
| 999 | |c 156564 |d 156564 | ||